00517nam a2200193Ia 4500008004100000041001200041082001200053100003900065245003900104260003500143300000800178365000800186520001300194546001200207630003900219650001300258655001300271730003900284101110s9999 xx 000 0 und d aENGLISH bSR33481 aChopde L.N., Choudhari D.H. & etc. aFinancial accounting Vol. I TYBCom c2009bSheth publishers, Mumbai a914 b405 aCommerce aENGLISH aFinancial accounting Vol. I TYBCom aCommerce aCommerce aFinancial accounting Vol. I TYBCom